Missing Word: Gary Cooper Quiz Stats

 Plays Quiz not verified by Sporcle

Challenge
Share
Tweet
Embed
Score 0/14 Timer 03:00
0 Plays Today
Film Missing Word % Correct
____ NoonHigh
98.5%
For ____ the Bell TollsWhom
95.4%
The Pride of the ________Yankees
87.8%
Cloak and _______Dagger
85.5%
Mr. Deeds Goes to _____Town
83.2%
A ________ to ArmsFarewell
81.7%
____ John DoeMeet
75.6%
Film Missing Word % Correct
_________ YorkSergeant
72.5%
Along _____ JonesCame
68.7%
____ GesteBeau
66.3%
Love in the ________Afternoon
59.5%
____ of FireBall
39.7%
Devil and the _____Deep
17.6%
The ____ GloryReal
10.9%

You're not logged in!

Compare scores with friends on all Sporcle quizzes.
Join for Free
OR
Log In

You Might Also Like...

Show Comments

Extras

Top Quizzes Today


Score Distribution

Your Account Isn't Verified!

In order to create a playlist on Sporcle, you need to verify the email address you used during registration. Go to your Sporcle Settings to finish the process.

Report this User

Report this user for behavior that violates our Community Guidelines.

Details: